[Event "It \"]
[Site "New York (USA)"]
[Round "0"]
[White "Berry Jonathan (CAN)"]
[Black "Casey Kevin (AUS)"]
[Result "1-0"]
[WhiteElo "2249"]
[BlackElo "2070"]

1.Nf3 c5 2.g3 Nf6 3.Bg2 g6 4.O-O Bg7 5.c3 O-O 6.d4 cxd4 7.cxd4 d5 8.Nc3 Nc6
9.Ne5 e6 10.Nxc6 bxc6 11.Na4 Nd7 12.b3 Rb8 13.Ba3 Re8 14.Rc1 Qf6 15.Bd6 Rb5
16.Rxc6 Qxd4 17.Qxd4 Bxd4 18.Rfc1 Bb7 19.Rc7 Nb8 20.e3 Na6 21.Bf1 Nxc7 22.Rxc7
Bf6 23.Bxb5 Rb8 24.Rd7 Rd8 25.Rxb7 Rxd6 26.Rxa7 Kf8 27.Nc5 Bc3 28.a4 d4 29.Ne4
Rd5 30.Nxc3 dxc3 31.Rc7 {#r} 1-0

[Event "It (open)"]
[Site "Aviles (Spain)"]
[Round "4"]
[White "Kirov Nino (BUL)"]
[Black "Garcia Jose (ESP)"]
[Result "1-0"]
[WhiteElo "2419"]
[BlackElo "2103"]

1.Nf3 d5 2.g3 c6 3.c4 Nf6 4.Bg2 g6 5.cxd5 cxd5 6.d4 Bg7 7.Nc3 O-O 8.O-O Nc6
9.Ne5 e6 10.Nxc6 bxc6 11.b3 Bb7 12.Na4 Nd7 13.Bb2 c5 14.Rc1 Rc8 15.Qd2 cxd4
16.Rxc8 Qxc8 17.Rc1 Qb8 18.Bxd4 Bxd4 19.Qxd4 Rd8 20.h4 e5 21.Qb4 Re8 22.Bh3 f5
23.Bg2 e4 24.Nc5 Rc8 25.Nxd7 Rxc1+ 26.Kh2 Qc8 27.Qe7 Rc6 28.h5 gxh5 29.Bh3 h4
30.Bxf5 hxg3+ 31.Kg2 Rh6 32.Nf6+ {#r} 1-0

[Event "It (open)"]
[Site "Bad Ragaz (Switzerland)"]
[Round "0"]
[White "Jurek Josef (CZE)"]
[Black "Lanz Martin (SUI)"]
[Result "1-0"]
[WhiteElo "2337"]
[BlackElo "1899"]

1.Nf3 Nf6 2.c4 c6 3.g3 d5 4.Bg2 g6 5.cxd5 cxd5 6.d4 Bg7 7.Ne5 O-O 8.Nc3 Nc6
9.O-O e6 10.Bg5 Qb6 11.Na4 Qc7 12.Rc1 h6 13.Nxc6 bxc6 14.Bf4 Qb7 15.Qd2 Kh7
16.Nc5 Qe7 17.Be5 Nd7 18.Bxg7 Kxg7 19.e4 Rb8 20.Rc3 Nb6 21.b3 dxe4 22.Bxe4 Nd5
23.Bxd5 cxd5 24.Qf4 Bb7 25.Rfc1 Rbc8 26.h4 f6 {#r} 1-0

[Event "Tournament \"]
[Site "Buenos Aires (Argentina)"]
[Round "6"]
[White "Fraschini Mariano (ARG)"]
[Black "Gamarra Caceres Carlos (PAR)"]
[Result "1-0"]
[WhiteElo "2370"]
[BlackElo "2233"]

1.d4 Nf6 2.c4 g6 3.g3 c6 4.Bg2 d5 5.cxd5 cxd5 6.Nc3 Bg7 7.Nf3 O-O 8.Ne5 e6
9.O-O Nfd7 10.f4 Nc6 11.Be3 Nb6 12.b3 Bd7 13.Qc2 Nc8 14.Bf2 Nd6 15.e4 dxe4
16.Nxe4 Be8 17.Nc5 Rc8 18.Rac1 Qe7 19.Rfe1 Nd8 20.d5 b6 21.dxe6 bxc5 22.exf7+
N6xf7 23.Nxf7 Qf6 24.Nd6 {#r} 1-0

[Event "It \"]
[Site "Copenhagen (Denmark)"]
[Round "0"]
[White "Asanov Bolat (KAZ)"]
[Black "Jasnikowski Zbigniew (POL)"]
[Result "0-1"]
[WhiteElo "2442"]
[BlackElo "2376"]

1.Nf3 Nf6 2.g3 g6 3.Bg2 Bg7 4.O-O O-O 5.d4 d5 6.c4 c6 7.cxd5 cxd5 8.Ne5 e6
9.Nc3 Nfd7 10.Nf3 Nc6 11.Bg5 Qb6 12.Na4 Qa5 13.b3 b5 14.Rc1 bxa4 15.Rxc6 axb3
16.axb3 Bb7 17.Bd2 Qb5 18.Rc1 Rfc8 19.Rxc8+ Rxc8 20.e3 Nf6 21.Qa1 Ne4 22.Ba5
Rc2 23.Ne1 Rc6 24.Nf3 Bf8 25.Rb1 Qe2 26.Rb2 Rc2 27.Rxc2 Qxc2 28.Be1 a6 29.Bf1
Bb4 30.Bd3 Qxd3 31.Bxb4 Qe2 {#R} 0-1

[Event "Bundesliga 1990/91 (2nd)"]
[Site "Germany"]
[Round "0"]
[White "Egger Thomas (GER)"]
[Black "Mann Christian (GER)"]
[Result "0-1"]
[WhiteElo "2237"]
[BlackElo "2448"]

1.Nf3 Nf6 2.g3 g6 3.Bg2 Bg7 4.O-O O-O 5.c4 c6 6.d4 d5 7.cxd5 cxd5 8.Ne5 Ng4
9.Nxg4 Bxg4 10.h3 Be6 11.Nc3 Nc6 12.e4 Nxd4 13.exd5 Bf5 14.g4 Bc2 15.Qd2 Rc8
16.f4 b5 17.Qf2 b4 18.Be3 bxc3 19.Bxd4 cxb2 20.Bxg7 bxa1=Q 21.Bxa1 Qa5 22.Kh1
f6 23.g5 Bd3 24.Rd1 Qa4 25.Qe1 Bf5 26.d6 Rce8 27.dxe7 Rxe7 28.Bd5+ Rff7
29.Bxf7+ Kxf7 30.Qf1 Re3 {#R} 0-1

[Event "Regionalliga North North"]
[Site "Germany"]
[Round "0"]
[White "Heuer Thomas (GER)"]
[Black "Nissen Claus (GER)"]
[Result "0-1"]
[WhiteElo "2129"]
[BlackElo "2184"]

1.Nf3 Nf6 2.g3 g6 3.Bg2 Bg7 4.O-O O-O 5.c4 c6 6.d4 d5 7.cxd5 cxd5 8.Ne5 e6
9.Nc3 Nfd7 10.f4 Nc6 11.Be3 f6 12.Nf3 Nb6 13.Bf2 Nc4 14.Qb3 b5 15.e4 Rb8
16.exd5 exd5 17.Nh4 Be6 18.Rfe1 Bf7 19.Re2 Qd7 20.Nf3 a5 21.Nxb5 Na7 22.a4
Nxb5 23.axb5 Rxb5 24.Qc3 Rfb8 25.Ra2 Qf5 26.Qe1 Bf8 27.Bf1 g5 28.Qc1 Bh5
29.Kg2 Rb3 30.Ng1 Bxe2 31.Bxe2 R8b4 32.fxg5 fxg5 33.Nf3 Bh6 34.Qd1 Rxb2 {#R}
0-1

[Event "It (open)"]
[Site "Hartberg (Austria)"]
[Round "0"]
[White "Vukic Aleksandar (CRO)"]
[Black "Tseitlin Mark D (ISR)"]
[Result "1-0"]
[WhiteElo "2121"]
[BlackElo "2415"]

1.Nf3 g6 2.c4 Bg7 3.d4 Nf6 4.g3 O-O 5.Bg2 c6 6.O-O d5 7.cxd5 cxd5 8.Nc3 e6
9.Ne5 Nfd7 10.f4 Nb6 11.b3 f6 12.Nd3 Nc6 13.e3 Re8 14.Bb2 f5 15.a4 a6 16.Rc1
Nd7 17.Ba3 Nf6 18.Re1 Ng4 19.Ne5 Ncxe5 20.dxe5 Qb6 21.Qd4 Qxb3 22.Nxd5 Qxa3
23.Nc7 Bd7 24.Nxa8 Bc6 25.Bxc6 bxc6 26.h3 Nxe5 27.fxe5 Rxa8 28.Rxc6 h5 29.Qd7
Qb4 30.Qxe6+ Kh8 31.Re2 Qxa4 32.Qxg6 Qd1+ 33.Kf2 h4 34.Rc7 {#r} 1-0

[Event "Ch Ireland"]
[Site "Ireland"]
[Round "0"]
[White "Short Philip M (IRL)"]
[Black "McHugh Kevin (IRL)"]
[Result "1-0"]
[WhiteElo "2282"]
[BlackElo "2175"]

1.d4 Nf6 2.Nf3 g6 3.g3 Bg7 4.Bg2 O-O 5.O-O d5 6.c4 c6 7.cxd5 cxd5 8.Nc3 Nc6
9.Ne5 Nxe5 10.dxe5 Ng4 11.Nxd5 e6 12.Nf6+ Nxf6 13.Qxd8 Rxd8 14.Bg5 Nd5 15.Bxd8
Bxe5 16.e4 Nb4 17.Ba5 Nc2 18.Rad1 Nd4 19.f4 {#r} 1-0

[Event "It (open)"]
[Site "Krumbach (Germany)"]
[Round "9"]
[White "Maiwald Jens-Uwe (GER)"]
[Black "Joecks Christian (GER)"]
[Result "1-0"]
[WhiteElo "2295"]
[BlackElo "2355"]

1.c4 Nf6 2.Nf3 g6 3.Nc3 Bg7 4.g3 O-O 5.Bg2 c6 6.O-O d5 7.cxd5 cxd5 8.d4 Ne4
9.Ne5 Nxc3 10.bxc3 f6 11.Nd3 Nc6 12.Nf4 e6 13.h4 Bd7 14.Re1 Re8 15.Rb1 Na5
16.e4 dxe4 17.Bxe4 Qc7 18.h5 g5 19.h6 Bh8 20.Bxh7+ Kxh7 21.Qh5 gxf4 22.Bxf4
Qxf4 23.gxf4 Rg8+ 24.Kf1 {#r} 1-0

[Event "It (open)"]
[Site "Le Mans (France)"]
[Round "0"]
[White "Djurovic Sasa (SRB)"]
[Black "Piankov Evgenij (UKR)"]
[Result "0-1"]
[WhiteElo "2345"]
[BlackElo "2348"]

1.d4 d5 2.Nf3 Nf6 3.g3 g6 4.Bg2 Bg7 5.O-O O-O 6.c4 c6 7.cxd5 cxd5 8.Ne5 b6
9.Nc3 Bb7 10.Bf4 Nbd7 11.Qa4 e6 12.Nc6 Bxc6 13.Qxc6 Qc8 14.Qa4 a6 15.Rfc1 b5
16.Qb3 Qb7 17.a4 b4 18.a5 Rfc8 19.Ra4 Bf8 20.Na2 Qb5 21.Bf1 Rxc1 22.Bxc1 Ne4
23.e3 Qc6 24.f3 Nec5 25.dxc5 Nxc5 26.Nxb4 Qxa4 27.Qxa4 Nxa4 28.Nxa6 Rc8 29.Bd2
Nxb2 {#R} 0-1

[Event "Ch Poland (team)"]
[Site "Mikolajki (Poland)"]
[Round "4"]
[White "Jamroz Zbigniew (POL)"]
[Black "Schmidt Wlodzimierz (POL)"]
[Result "0-1"]
[WhiteElo "2179"]
[BlackElo "2370"]

1.d4 Nf6 2.c4 g6 3.Nf3 Bg7 4.g3 c6 5.Bg2 d5 6.O-O O-O 7.cxd5 cxd5 8.Nc3 Ne4
9.Qb3 Nc6 10.e3 Na5 11.Qd1 Nxc3 12.bxc3 Bf5 13.Nh4 Be6 14.Re1 Rc8 15.Qd3 b6
16.e4 dxe4 17.Bxe4 Rxc3 18.Qxc3 Bxd4 19.Qf3 Bxa1 20.Bh6 Bg7 21.Bxg7 Kxg7
22.Qc3+ Kg8 23.Qe3 Nc4 {#R} 0-1

[Event "It (open)"]
[Site "Oberhausen (Germany)"]
[Round "0"]
[White "Grewe Ludger (GER)"]
[Black "Peters Andreas (GER)"]
[Result "0-1"]
[WhiteElo "2185"]
[BlackElo "2265"]

1.Nf3 d5 2.g3 Nf6 3.Bg2 g6 4.O-O Bg7 5.c4 c6 6.cxd5 cxd5 7.d4 O-O 8.Ne5 Nc6
9.Nxc6 bxc6 10.Nc3 a5 11.Bg5 Nd7 12.Rc1 h6 13.Bf4 e5 14.dxe5 Nxe5 15.b3 g5
16.Be3 Re8 17.Bd4 Ba6 18.Re1 Rc8 19.Na4 Bb5 20.Bb6 Qf6 21.Nc5 a4 22.bxa4 Bc4
23.a5 Ng4 24.Nb3 c5 25.Bf3 Nxf2 26.Kxf2 g4 27.Bxc5 gxf3 28.exf3 Rxe1 29.Kxe1
Qe5+ 30.Kf2 Qb2+ 31.Rc2 Bxb3 32.axb3 Qxb3 33.Qc1 {#R} 0-1

[Event "It \"]
[Site "Spain"]
[Round "6"]
[White "Sanchez Jimenez David (ESP)"]
[Black "Guerrero Alvarez Rafael (ESP)"]
[Result "0-1"]
[WhiteElo "1910"]
[BlackElo "2173"]

1.c4 Nf6 2.Nc3 g6 3.d4 Bg7 4.g3 O-O 5.Bg2 c6 6.Nf3 d5 7.cxd5 cxd5 8.O-O Nc6
9.Bf4 Nh5 10.Qd2 Nxf4 11.Qxf4 e6 12.Rac1 Qb6 13.Rc2 Nxd4 14.Nxd4 Qxd4 15.Qxd4
Bxd4 16.Nb5 Bb6 17.Rfc1 Bd7 18.Nd6 Bc6 19.e4 Rfd8 20.e5 Bd4 21.b4 a6 22.a4
Bxa4 23.Rc7 Bxe5 24.Nxb7 Bxc7 25.Nxd8 Bxd8 {#R} 0-1

[Event "It (open)"]
[Site "St. Ingbert (Germany)"]
[Round "4"]
[White "Recktenwald Thomas"]
[Black "Krueger Erich (GER)"]
[Result "1-0"]
[WhiteElo "2495"]
[BlackElo "2153"]

1.d4 Nf6 2.c4 g6 3.Nf3 Bg7 4.g3 O-O 5.Bg2 c6 6.Nc3 d5 7.cxd5 cxd5 8.Ne5 e6
9.O-O Nfd7 10.f4 Qb6 11.Na4 Qa6 12.Be3 b6 13.Rc1 Nf6 14.Nc3 Bb7 15.a4 Bc6
16.Qb3 Qb7 17.Rc2 a6 18.Rfc1 Rc8 19.Bf2 Bd7 20.a5 b5 21.e4 Nc6 22.exd5 {#r}
1-0

[Event "It (cat.9)"]
[Site "Sydney (Australia)"]
[Round "0"]
[White "Adianto Utut (INA)"]
[Black "Kanikevich Alexander (AUS)"]
[Result "1-0"]
[WhiteElo "2470"]
[BlackElo "2360"]

1.d4 Nf6 2.Nf3 g6 3.g3 Bg7 4.Bg2 O-O 5.O-O d5 6.c4 c6 7.cxd5 cxd5 8.Nc3 Nc6
9.Ne5 e6 10.Be3 Nxe5 11.dxe5 Nd7 12.f4 a6 13.Bf2 f6 14.exf6 Nxf6 15.Qb3 Qe7
16.e4 Ng4 17.Bb6 d4 18.Ne2 Ne3 19.Rfc1 Nxg2 20.Bc5 Qf7 21.Bxf8 Nxf4 22.Nxf4
Bxf8 23.Qb6 Qf6 24.Rc7 Qe5 25.Rac1 Qxe4 26.Qb3 g5 27.Qd3 Qf5 28.Qxf5 exf5
29.Nd5 {#r} 1-0

[Event "It (open)"]
[Site "Donau (Austria)"]
[Round "0"]
[White "Sommerbauer Norbert (AUT)"]
[Black "Neubauer Martin (AUT)"]
[Result "1-0"]
[WhiteElo "2414"]
[BlackElo "2431"]

1.d4 Nf6 2.c4 g6 3.Nf3 Bg7 4.g3 d5 5.Bg2 O-O 6.O-O c6 7.cxd5 cxd5 8.Nc3 Ne4
9.Ne5 Nxc3 10.bxc3 e6 11.Ba3 Re8 12.f4 f6 13.Nd3 f5 14.Ne5 b6 15.c4 Bb7 16.e3
Nd7 17.cxd5 Bxd5 18.Bxd5 exd5 19.Rc1 Nf6 20.Qa4 Ng4 21.Rc3 h5 22.Rfc1 h4
23.Rc7 hxg3 24.hxg3 g5 25.R1c6 Nf6 26.Qc2 gxf4 27.Qxf5 fxg3 28.Rxg7+ {#r} 1-0

[Event "It (w)"]
[Site "Dresden (Germany)"]
[Round "0"]
[White "Kunze Kerstin (GER)"]
[Black "Voiska Margarita (BUL)"]
[Result "0-1"]
[WhiteElo "2136"]
[BlackElo "2336"]

1.g3 Nf6 2.Bg2 d5 3.Nf3 g6 4.O-O Bg7 5.d4 O-O 6.c4 c6 7.cxd5 cxd5 8.Nc3 e6
9.Bf4 Nc6 10.Rc1 Ne4 11.Nxe4 dxe4 12.Ne5 Nxd4 13.e3 Nf3+ 14.Bxf3 exf3 15.Qxd8
Rxd8 16.Rfd1 Re8 17.Nxf3 e5 18.Bxe5 Bg4 {#R} 0-1

[Event "Bundesliga"]
[Site "Germany"]
[Round "0"]
[White "Zysk Robert (GER)"]
[Black "Schwarz Michael (AUT)"]
[Result "1-0"]
[WhiteElo "2390"]
[BlackElo "2362"]

1.d4 Nf6 2.c4 g6 3.Nf3 Bg7 4.g3 O-O 5.Bg2 c6 6.Nc3 d5 7.cxd5 cxd5 8.O-O Nc6
9.Ne5 e6 10.Nxc6 bxc6 11.Na4 Nd7 12.Bf4 Ba6 13.Rc1 Qa5 14.Re1 Bb5 15.Nc3 Qb4
16.e3 Rfc8 17.Nxb5 cxb5 18.Qb3 Qxb3 19.axb3 Bf8 20.Rxc8 Rxc8 21.Ra1 Rc2
22.Rxa7 Nf6 23.f3 Nh5 24.Bc7 Bb4 25.g4 Bd2 26.gxh5 Bxe3+ 27.Kf1 Rf2+ 28.Ke1
Rxg2 29.Be5 Kf8 30.Bf6 Ke8 31.Re7+ Kf8 32.Rd7 {#r} 1-0

[Event "Oberliga Northwest 1991/92"]
[Site "Germany"]
[Round "-56"]
[White "Franke Reiner (GER)"]
[Black "Pape Rasmus (DEN)"]
[Result "1-0"]
[WhiteElo "2274"]
[BlackElo "2017"]

1.Nf3 d5 2.g3 g6 3.Bg2 Bg7 4.O-O Nf6 5.c4 c6 6.cxd5 cxd5 7.d4 O-O 8.Nc3 Ne4
9.Ne5 Nxc3 10.bxc3 Nc6 11.Nxc6 bxc6 12.Qa4 Bd7 13.Rb1 c5 14.Qa6 Bf5 15.Rb3
cxd4 16.cxd4 Bxd4 17.Bh6 Re8 18.Rd1 e5 19.Bxd5 Qxd5 20.Qf6 {#r} 1-0

[Event "Ch Europe (juniors) (g)"]
[Site "Hradec Kralove (Czech Republic)"]
[Round "0"]
[White "Zak Irina (ISR)"]
[Black "Rudaityte Ilona (LTU)"]
[Result "1-0"]
[WhiteElo "2190"]
[BlackElo "2105"]

1.Nf3 c5 2.g3 Nc6 3.Bg2 g6 4.c3 Bg7 5.d4 cxd4 6.cxd4 d5 7.Nc3 Nf6 8.O-O O-O
9.Ne5 e6 10.Nxc6 bxc6 11.Bf4 Nh5 12.Na4 Nxf4 13.gxf4 Qd6 14.e3 f6 15.Rc1 e5
16.dxe5 fxe5 17.Rxc6 Qd8 18.Qxd5+ Qxd5 19.Bxd5+ Kh8 20.Rc7 Rb8 21.fxe5 Bxe5
22.Rxa7 Bxb2 23.Nxb2 Rxb2 24.Ra8 {#r} 1-0

[Event "Ch Hungary (corr.)"]
[Site "Hungary"]
[Round "0"]
[White "Timar Zsolt (HUN)"]
[Black "Takacs Zsolt (HUN)"]
[Result "1-0"]
[WhiteElo "2119"]
[BlackElo "1838"]

1.d4 Nf6 2.c4 g6 3.g3 c6 4.Bg2 d5 5.cxd5 cxd5 6.Nf3 Bg7 7.Nc3 O-O 8.Ne5 Nc6
9.O-O e6 10.Nxc6 bxc6 11.Na4 Nd7 12.Bf4 Qa5 13.Rc1 Ba6 14.b3 Qb4 15.Rxc6 Bb5
16.Rc7 Qxd4 17.Qxd4 Bxd4 18.Rd1 {#r} 1-0

[Event "Ch Hungary (team)"]
[Site "Hungary"]
[Round "0"]
[White "Horvath Peter_ (HUN)"]
[Black "Bagonyai Attila (HUN)"]
[Result "1-0"]
[WhiteElo "2450"]
[BlackElo "2343"]

1.d4 Nf6 2.Nf3 c5 3.c3 cxd4 4.cxd4 d5 5.Nc3 g6 6.g3 Bg7 7.Bg2 O-O 8.Ne5 e6
9.O-O Nfd7 10.f4 f6 11.Nf3 Nc6 12.b3 a6 13.Ba3 Re8 14.Rc1 f5 15.h3 Nf6 16.e3
Na7 17.Ne5 Nb5 18.Bc5 Nxc3 19.Rxc3 Ne4 20.Bxe4 fxe4 21.Qc2 a5 22.a4 Bd7 23.Ba3
Bxe5 24.fxe5 b5 25.Bd6 bxa4 26.Qf2 Rc8 27.Rxc8 Bxc8 28.Qf7+ Kh8 29.Bf8 {#r}
1-0

[Event "It (open)"]
[Site "Munich (Germany)"]
[Round "0"]
[White "Bachmayr Peter (GER)"]
[Black "Schmidt Peter (GER)"]
[Result "1-0"]
[WhiteElo "2344"]
[BlackElo "1923"]

1.d4 Nf6 2.Nf3 g6 3.c4 Bg7 4.Nc3 O-O 5.g3 c6 6.Bg2 d5 7.cxd5 cxd5 8.O-O e6
9.Bf4 Nc6 10.Ne5 Bd7 11.Qd2 Re8 12.Bg5 Qe7 13.Rad1 Rac8 14.e4 dxe4 15.Qe3 Nb4
16.Nxe4 Nbd5 17.Qf3 Bb5 18.Ng4 Bxf1 19.Bxf1 Rc2 20.Ngxf6+ Nxf6 21.Nxf6+ Bxf6
22.Bxf6 Qb4 23.Qe3 Rec8 24.h4 h5 25.Bd3 R2c6 26.Qh6 {#r} 1-0

[Event "Memorial A.Alekhine (a)"]
[Site "Smolensk (Russia)"]
[Round "0"]
[White "Nikuljshin Konstantin (RUS)"]
[Black "Yandemirov Valeri (RUS)"]
[Result "0-1"]
[WhiteElo "2319"]
[BlackElo "2430"]

1.Nf3 Nf6 2.c4 g6 3.g3 Bg7 4.Bg2 O-O 5.O-O c6 6.d4 d5 7.cxd5 cxd5 8.Nc3 Ne4
9.Nxe4 dxe4 10.Ne5 Qd5 11.b3 Nd7 12.Bb2 Nf6 13.Rc1 Bf5 14.Rc5 Qe6 15.Qc1 Qa6
16.Nc4 Qxa2 17.Qc3 Qa6 18.Ra1 Qe6 19.f3 exf3 20.exf3 Nd5 21.Qd2 b6 22.Re1 Qd7
23.Ne5 Bxe5 24.Rxd5 Qxd5 25.f4 Qxb3 26.Bxa8 Bd6 {#R} 0-1

[Event "It (open)"]
[Site "Andorra"]
[Round "0"]
[White "Pomes Marcet Juan (ESP)"]
[Black "Kolev Atanas (BUL)"]
[Result "0-1"]
[WhiteElo "2410"]
[BlackElo "2500"]

1.d4 d5 2.Nf3 Nf6 3.g3 g6 4.Bg2 Bg7 5.c4 c6 6.cxd5 cxd5 7.O-O O-O 8.Nc3 Nc6
9.Ne5 e6 10.f4 Bd7 11.e3 Rc8 12.Bd2 Na5 13.b3 Nc6 14.Nxd7 Qxd7 15.Rc1 Ne8
16.Na4 Nd6 17.Qe2 Rc7 18.Nc5 Qe7 19.Qd3 Rfc8 20.Rc2 Nf5 21.Bc3 b6 22.Na6 Ncxd4
23.Bb4 Rxc2 24.Bxe7 R8c3 {#R} 0-1

[Event "Ch World (seniors)"]
[Site "Bad Wildbad (Germany)"]
[Round "10"]
[White "Kudoke Willy (GER)"]
[Black "Hund Juliane"]
[Result "1-0"]
[WhiteElo "1946"]
[BlackElo "1615"]

1.c4 Nf6 2.Nc3 g6 3.g3 Bg7 4.Bg2 c6 5.Nf3 d5 6.cxd5 cxd5 7.d4 O-O 8.O-O Nc6
9.h3 Bd7 10.Ne5 Rc8 11.Nxd7 Qxd7 12.e3 e6 13.Bd2 Na5 14.Nxd5 Nc4 15.Nxf6+ Bxf6
16.Bc3 b5 17.a3 Nb6 18.Rc1 Na4 19.Qb3 Nxc3 20.Rxc3 Rxc3 21.Qxc3 Rc8 22.Qb3 a5
23.Rd1 a4 24.Qd3 Rc4 25.b3 axb3 26.Qxb3 Be7 27.Bf1 Rc5 28.dxc5 {#r} 1-0

[Event "Ch World (juniors) (under 20) (g)"]
[Site "Buenos Aires (Argentina)"]
[Round "0"]
[White "Guindy Esmat (DEN)"]
[Black "Rajcsanyi Zita (HUN)"]
[Result "0-1"]
[WhiteElo "2158"]
[BlackElo "2127"]

1.d4 Nf6 2.c4 g6 3.Nf3 Bg7 4.g3 O-O 5.Bg2 c6 6.O-O d5 7.cxd5 cxd5 8.Nc3 Ne4
9.Nxe4 dxe4 10.Ne5 Qd5 11.Qb3 Qxd4 12.Nxf7 Rxf7 13.Be3 Qxb2 14.Rac1 Nc6 {#R}
0-1

[Event "It (open) \"]
[Site "Cologne (Germany)"]
[Round "2"]
[White "Goy Udo (GER)"]
[Black "Klotz Stefan"]
[Result "1-0"]
[WhiteElo "2193"]
[BlackElo "1930"]

1.d4 Nf6 2.Nf3 g6 3.g3 Bg7 4.Bg2 d5 5.c4 c6 6.O-O O-O 7.Nc3 Ne4 8.cxd5 cxd5
9.Nxe4 dxe4 10.Ne5 f6 11.Nc4 f5 12.e3 e6 13.Bd2 Nc6 14.Qb3 Qd5 15.Rfc1 b6
16.Nxb6 Qxb3 17.axb3 Rb8 18.Rxc6 axb6 19.Bb4 Bb7 20.Rxb6 Bd5 21.Raa6 Rfc8
22.Bc5 Bxb3 23.Bf1 Bc2 24.Bc4 Rxb6 25.Rxb6 Ra8 26.Rxe6 Ra1+ 27.Kg2 {#r} 1-0

[Event "It (open)"]
[Site "Giessen (Germany)"]
[Round "0"]
[White "Schmid Stefan (GER)"]
[Black "Neumann Andreas (GER)"]
[Result "1-0"]
[WhiteElo "2153"]
[BlackElo "2210"]

1.d4 Nf6 2.Nf3 g6 3.g3 Bg7 4.Bg2 O-O 5.O-O d5 6.c4 c6 7.Nc3 Ne4 8.cxd5 cxd5
9.Qb3 Nxc3 10.bxc3 Nc6 11.Nd2 e6 12.e4 Na5 13.Qb5 a6 14.Qd3 Bd7 15.a4 dxe4
16.Nxe4 Nb3 17.Bg5 Qc7 18.Ra3 Na5 19.Be7 Rfe8 20.Nf6+ Bxf6 21.Bxf6 Bc6 22.Bxc6
Qxc6 23.Qd2 Qd6 24.Ra2 Rac8 25.Qg5 Nc4 26.Re2 Nb6 27.Rb1 Nxa4 28.Re4 b5 29.Rh4
Qf8 30.Rh6 Nxc3 31.Qh4 Ne2+ 32.Kf1 Qa3 33.Rxh7 Nxg3+ 34.Kg2 {#r} 1-0

[Event "It (open)"]
[Site "Hamburg (Germany)"]
[Round "7"]
[White "Tatenhorst Volker (GER)"]
[Black "Nixdorf Andre (GER)"]
[Result "1-0"]
[WhiteElo "2213"]
[BlackElo "1946"]

1.d4 Nf6 2.c4 g6 3.Nf3 Bg7 4.g3 O-O 5.Bg2 d5 6.O-O c6 7.cxd5 cxd5 8.Nc3 Nc6
9.Bf4 e6 10.Rc1 Ne4 11.Qd3 g5 12.Be3 g4 13.Ne5 Bxe5 14.dxe5 Nxe5 15.Qc2 Nxc3
16.Qxc3 Nc6 17.Bh6 d4 18.Qd2 Re8 19.Rxc6 bxc6 20.Bxc6 Rb8 21.Bxe8 Bb7 22.Qf4
f5 23.Qe5 {#r} 1-0

[Event "Zt"]
[Site "Jakarta (Indonesia)"]
[Round "0"]
[White "Adianto Utut (INA)"]
[Black "Barus Cerdas (INA)"]
[Result "1-0"]
[WhiteElo "2510"]
[BlackElo "2438"]

1.d4 Nf6 2.c4 g6 3.Nf3 Bg7 4.g3 O-O 5.Bg2 c6 6.O-O d5 7.cxd5 cxd5 8.Ne5 e6
9.Nc3 Nfd7 10.f4 f6 11.Nd3 f5 12.Be3 Nb6 13.Ne5 Bd7 14.a4 Be8 15.a5 Nc8 16.Qb3
Nd6 17.Rfc1 Kh8 18.Na4 Na6 19.Nc5 Qe7 20.Rc2 Bb5 21.Rac1 Rac8 22.Bf3 Rb8
23.Nxa6 bxa6 24.Rc7 Qd8 25.Qc3 Kg8 26.Qc5 Rb7 27.Rxb7 Nxb7 28.Qxa7 Qb8 29.Qb6
Nd6 30.Rc7 Qxb6 31.axb6 Bf6 32.Nc6 Nc4 33.b7 Bxc6 34.Rxc6 {#r} 1-0

[Event "It"]
[Site "New York (USA)"]
[Round "5"]
[White "Krant Roman (USA)"]
[Black "Paglietti Nicola (ITA)"]
[Result "0-1"]
[WhiteElo "2215"]
[BlackElo "2273"]

1.d4 Nf6 2.Nf3 g6 3.g3 Bg7 4.Bg2 O-O 5.c4 c6 6.Nc3 d5 7.cxd5 cxd5 8.Ne5 e6
9.O-O Nfd7 10.f4 Nc6 11.Be3 Qa5 12.Qd2 Qa6 13.Bf2 Ncxe5 14.fxe5 Nb6 15.b3 Bd7
16.Be3 Rfc8 17.Rac1 Rc7 18.Bh6 Rac8 19.Bxg7 Kxg7 20.Rxf7+ Kxf7 21.Rf1+ Ke8
22.Qf4 Qa3 23.Qf7+ Kd8 24.Qg8+ Be8 25.Nb5 Qe7 26.Rf8 Rc1+ 27.Kf2 Nd7 28.Rf3
Nxe5 29.Rf4 Nd7 30.Bh3 a6 31.Na7 Ra8 32.Bxe6 Rxa7 33.Bxd5 Nf6 34.Qe6 {#R} 0-1

[Event "Ch World (team) (under 26)"]
[Site "Parana (Argentina)"]
[Round "4"]
[White "Stummer Anton (AUT)"]
[Black "Clavijo Jorge (COL)"]
[Result "0-1"]
[WhiteElo "2325"]
[BlackElo "2319"]

1.Nf3 Nf6 2.c4 g6 3.g3 Bg7 4.Bg2 O-O 5.O-O c6 6.d4 d5 7.cxd5 cxd5 8.Ne5 Nc6
9.Nxc6 bxc6 10.Nc3 Bf5 11.Na4 Qa5 12.Bg5 Rfe8 13.Bxf6 Bxf6 14.Rc1 Rac8 15.f4
e6 16.a3 g5 17.Nc5 gxf4 18.gxf4 Qd8 19.Rc3 Kh8 20.Bh3 Bg6 21.f5 exf5 22.Bxf5
Bxf5 23.Rxf5 Rg8+ 24.Kh1 Rg6 25.Rcf3 Qe7 26.e3 Rcg8 27.Qf1 Bg5 28.Re5 Qc7
29.Rxf7 Bxe3 30.Rxe3 Qxf7 {#R} 0-1

[Event "It (open)"]
[Site "Philadelphia (USA)"]
[Round "0"]
[White "De Fotis Gary (USA)"]
[Black "Ash Robert (USA)"]
[Result "0-1"]
[WhiteElo "2021"]
[BlackElo "2067"]

1.d4 Nf6 2.c4 g6 3.g3 c6 4.Bg2 d5 5.cxd5 cxd5 6.Nf3 Bg7 7.O-O O-O 8.Ne5 e6
9.Nc3 Nfd7 10.f4 Nxe5 11.fxe5 Nc6 12.Be3 Bd7 13.Qd2 Qe7 14.Bxd5 Nxe5 15.Bb3
Ng4 16.Bf4 Bc6 17.e4 h6 18.Rad1 g5 19.Be3 Rad8 20.Qe2 Nxe3 21.Qxe3 Qb4 22.e5
Rd7 23.Rf2 Rfd8 24.Rfd2 a5 25.d5 exd5 26.Nxd5 Qg4 27.Ne7+ Kf8 28.Qf2 Qxd1+
29.Bxd1 Rxd2 {#R} 0-1

[Event "Tournament"]
[Site "Provence (France)"]
[Round "4"]
[White "Sintes Marc (FRA)"]
[Black "Milesi Laurent (FRA)"]
[Result "0-1"]
[WhiteElo "2057"]
[BlackElo "2111"]

1.d4 Nf6 2.Nf3 g6 3.g3 Bg7 4.Bg2 O-O 5.O-O d5 6.c4 c6 7.Nc3 Ne4 8.cxd5 cxd5
9.Qb3 Nc6 10.Be3 Na5 11.Qc2 Bf5 12.Qc1 Rc8 13.Bh6 Nc4 14.Bxg7 Kxg7 15.Nh4 Qd7
16.Nxf5+ Qxf5 17.Nxe4 dxe4 18.Qc2 Ne3 19.Qxc8 Rxc8 20.fxe3 Qd5 21.Rf4 f5 22.g4
e6 23.Raf1 Qxa2 {#R} 0-1

[Event "Tournament (Elo)"]
[Site "Salogernas (Sweden)"]
[Round "0"]
[White "Kyhle Bo (SWE)"]
[Black "Gramer Kent (SWE)"]
[Result "1-0"]
[WhiteElo "2193"]
[BlackElo "2135"]

1.Nf3 Nf6 2.g3 g6 3.Bg2 Bg7 4.c4 c6 5.d4 O-O 6.Nc3 d5 7.cxd5 cxd5 8.O-O e6
9.b3 Ne4 10.Nxe4 dxe4 11.Ne5 f6 12.Nc4 f5 13.Ba3 Rf7 14.Ne5 Rc7 15.f3 Nc6
16.Nxc6 Rxc6 17.fxe4 Qxd4+ 18.Kh1 Qd7 19.exf5 gxf5 20.Rc1 Rxc1 21.Qxc1 Bf8
22.Bxf8 Kxf8 23.Rd1 Qe7 24.Qd2 Ke8 25.Qa5 b6 26.Qe5 {#r} 1-0

[Event "Ch Spain"]
[Site "Spain"]
[Round "0"]
[White "Garcia Albarracin Francisco (ESP)"]
[Black "Visier Segovia Fernando (ESP)"]
[Result "1-0"]
[WhiteElo "2375"]
[BlackElo "2233"]

1.d4 Nf6 2.Nf3 g6 3.g3 Bg7 4.Bg2 d5 5.O-O O-O 6.c4 c6 7.cxd5 cxd5 8.Nc3 Nc6
9.Ne5 e6 10.Bg5 h6 11.Bf4 Nd7 12.Nxc6 bxc6 13.Qd2 Kh7 14.Bd6 Re8 15.e4 Ba6
16.Rfd1 Rc8 17.b4 Bc4 18.e5 a5 19.a3 Ra8 20.Rdb1 Nb6 21.a4 axb4 22.Rxb4 Nd7
23.Bf1 c5 24.Rb7 Bxf1 25.Rxf1 cxd4 26.Qxd4 Kg8 27.Nb5 Nf8 28.Rc1 Rc8 29.Rxc8
Qxc8 30.Rc7 Qa6 31.Qf4 {#r} 1-0